| 000 | 00453nam a2200157Ia 4500 | ||
|---|---|---|---|
| 005 | 20250304110232.0 | ||
| 008 | 231217s9999 xx 000 0 und d | ||
| 020 | _a9788131504925 | ||
| 082 | _a001.64 GIL;26 | ||
| 100 | _aGilberg, Richard F. Forouzan, Behrouz A. | ||
| 245 | 0 | _aData structures : a pseudocode approach with C++ | |
| 260 |
_c2001 _bCengage Learning _aNew Delhi |
||
| 300 | _a705 | ||
| 650 | _astructures,pseudocode,C++ | ||
| 942 | _cAA | ||
| 999 |
_c194411 _d194411 |
||